000 00516nam a2200193Ia 4500
005 20250423100115.0
008 250422s9999 xx 000 0 und d
020 _a9781292265636
050 _aHF 5415.2 .M35/
100 _aMalhotra, Naresh K.
245 0 _aMarketing research: an applied orientation
250 _a7th ed.
260 _aHarlow
260 _bPearson Education Limited
260 _c2020
300 _a882 p
650 _a Marketing research. Marketing research--Methodology.
942 _cBK
999 _c32308
_d32308